000 00375nam a2200133Ia 4500
008 191206s9999 xx 000 0 und d
020 _a702129208
090 _aHC905S684
245 0 _aSouth Africa: prospects for successful transition
260 _aJuta
260 _ccc1992
300 _a"xxiii, 314 p. : ill. ; 24 cm."
999 _c16937
_d16937